SIAM journal on applied mathematics <a> publication of the Society for Industrial and Applied Mathematics

Salvato in:
Dettagli Bibliografici
Natura: Periodico
Lingua:inglese
Pubblicazione: Philadelphia Society for Industrial and Applied Mathematics
Tags: Aggiungi Tag
Nessun Tag, puoi essere il primo ad aggiungerne!!

MARC

LEADER 00000nas1a22000001 4500
001 s120725
005 20041019155346.5
041 0 |a eng 
044 |a US 
245 1 0 |a SIAM journal on applied mathematics  |b <a> publication of the Society for Industrial and Applied Mathematics 
264 1 |a Philadelphia  |b Society for Industrial and Applied Mathematics